| 000 | 00611cam a2200217 4500 | ||
|---|---|---|---|
| 001 | J578 | ||
| 008 | 090401t1992 xxu||||| |||| 00| 0 eng d | ||
| 035 | _a(Sirsi) u75590 | ||
| 041 | _aeng | ||
| 050 | _a711.552 | ||
| 110 |
_aHillier Parker Research _92002 |
||
| 245 | _aShopping schemes in the pipeline. - February 1992 - June 1992 | ||
| 260 |
_aLondon _bHillier Parker May and Rowden _c1992 |
||
| 300 | _a2 pt. ; 30cm. | ||
| 350 | _a0 | ||
| 650 | _aOUT-OF-TOWN DEVELOPMENT | ||
| 650 | _aSHOPPING CENTRES | ||
| 690 | _aPROPERTY-COMMERCIAL PROPERTY-RETAIL PROPERTY | ||
| 942 | _n0 | ||
| 948 | _c04/03/1997 | ||
| 999 |
_c96051 _d96051 |
||